Gender dimensions of the millennium development goals in Sri Lanka (Record no. 4744)
[ view plain ]
| 000 -LEADER | |
|---|---|
| fixed length control field | 00687nam a2200205 4500 |
| 008 - FIXED-LENGTH DATA ELEMENTS--GENERAL INFORMATION | |
| fixed length control field | 240212b |||||||| |||| 00| 0 eng d |
| 022 ## - INTERNATIONAL STANDARD SERIAL NUMBER | |
| ISSN | 9789551031176 |
| 082 ## - DEWEY DECIMAL CLASSIFICATION NUMBER | |
| Classification number | 305.3 |
| Item number | GEN |
| 942 ## - ADDED ENTRY ELEMENTS (KOHA) | |
| Item Type | Reports |
| 700 ## - ADDED ENTRY--PERSONAL NAME | |
| Personal name | Jayaweera, Swarna |
| 700 ## - ADDED ENTRY--PERSONAL NAME | |
| Personal name | Wijemanne, Hiranthi |
| 700 ## - ADDED ENTRY--PERSONAL NAME | |
| Personal name | Wanasundera, Leelangi |
| 700 ## - ADDED ENTRY--PERSONAL NAME | |
| Personal name | Vitarana, Kamini Meedeniya |
| 245 ## - TITLE STATEMENT | |
| Title | Gender dimensions of the millennium development goals in Sri Lanka |
| 260 ## - PUBLICATION, DISTRIBUTION, ETC. (IMPRINT) | |
| Place of Publication | Colombo: |
| Name of Publisher | Centre for women's research, |
| Date of Copyright | 2007 |
| 300 ## - PHYSICAL DESCRIPTION | |
| Extent | 144 p. maps included |
| 650 ## - SUBJECT ADDED ENTRY--TOPICAL TERM | |
| Topical Term | Millennium Development Goals- Sri Lanka |
| 650 ## - SUBJECT ADDED ENTRY--TOPICAL TERM | |
| Topical Term | Women- Sri Lanka- Economic conditions |
| 650 ## - SUBJECT ADDED ENTRY--TOPICAL TERM | |
| Topical Term | Women in development- Government policy |
| Withdrawn status | Lost status | Source of classification or shelving scheme | Damaged status | Not for loan | Permanent location | Current location | Date acquired | Total Checkouts | Full call number | Barcode | Date last seen | Price effective from | Koha item type |
|---|---|---|---|---|---|---|---|---|---|---|---|---|---|
| Dewey Decimal Classification | Resource center, Muslim Women's Research And Action Forum | Resource center, Muslim Women's Research And Action Forum | 2024-02-12 | 305.3 GEN | RAF5020 | 2024-02-12 | 2024-02-12 | Reports |

